000 002240000a22000970004500
100 1 _aStevens, Jessie
245 1 0 _aChildren and the kingdom of God
300 _aNúm 8 (1985), Páginas 5-8
773 0 _tTogether
942 _cANA
999 _c56965
_d56965